000 00736cam a2200217 a 4500
999 _c6398
_d6398
020 _a0072871326
022 _a9780072871326
050 0 0 _aPE1408
_b.L3178
100 1 _aLangan, John,(ed.)
245 1 0 _aCollege writing skills, with readings /
_cJohn Langan.
250 _a6th ed.
260 _aBoston :
_bMcGraw-Hill,
_c2005.
300 _axxi, 734 p. :
_bill. (some col.) ;
_c24 cm.
500 _aIncludes index.
505 _aPart One. Essay Writing Part Two. Patterns of essay development Part Three. Special Skills Part Four. Handbook of sentence skills Index
650 0 _aEnglish language
_xRhetoric.
650 0 _aEnglish language
_xGrammar.
650 0 _aCollege readers.
650 0 _aReport writing.
942 _cBK